Alcibiade 450-404 avant J.C. / (Record no. 27786)

MARC details
000 -LEADER
campo de control de longitud fija 00621nam a2200205 i 4500
001 - NÚMERO DE CONTROL
campo de control 27786
003 - IDENTIFICADOR DE NÚMERO DE CONTROL
campo de control ES-MaACL
005 - FECHA Y HORA DE LA ÚLTIMA TRANSACCIÓN
campo de control 20251015063046.0
007 - CAMPO FIJO DE DESCRIPCIÓN FÍSICA--INFORMACIÓN GENERAL
campo de control de longitud fija t|
008 - DATOS DE LONGITUD FIJA--INFORMACIÓN GENERAL
campo de control de longitud fija 030115s1935 fr ||||1| fre d
100 1# - ENTRADA PRINCIPAL--NOMBRE DE PERSONA
Nombre de persona Babelon, Jean,
Fechas asociadas al nombre 1889-1978
9 (RLIN) 24413
245 10 - MENCIÓN DEL TÍTULO
Título Alcibiade 450-404 avant J.C. /
Mención de responsabilidad, etc. Jean Babelon.
260 ## - PUBLICACIÓN, DISTRIBUCIÓN, ETC.
Lugar de publicación, distribución, etc. París :
Nombre del editor, distribuidor, etc. Payot,
Fecha de publicación, distribución, etc. 1935 (
Lugar de fabricación/manufactura Dijon :
Fabricante Darantierre)
300 ## - DESCRIPCIÓN FÍSICA
Extensión 256 p. :
Otras características físicas il. ;
Dimensiones 23 cm.
490 1# - MENCIÓN DE SERIE
Mención de serie Bibliothèque historique
600 04 - PUNTO DE ACCESO ADICIONAL DE MATERIA--NOMBRE DE PERSONA
Nombre de persona Alcibíades
9 (RLIN) 125591
830 0# - PUNTO DE ACCESO ADICIONAL DE SERIE-TÍTULO UNIFORME
Título uniforme Bibliothèque historique
9 (RLIN) 180899
852 ## - LOCALIZACIÓN
Ubicación ES-MaACL
Número de control de estantería A-3518
Sublocalización o colección R.14960
Holdings
Estatus retirado Estado de pérdida Estado de daño No para préstamo Biblioteca de origen Biblioteca actual Ubicación en estantería Fecha de adquisición Fuente de adquisición Total de préstamos Signatura topográfica completa Código de barras Visto por última vez Precio de reemplazo Tipo de ítem Koha
        Biblioteca del Ateneo de Madrid Biblioteca del Ateneo de Madrid Sala Pecera Planta 1 17/01/2008     A-3518 1028692 23/02/2023 23/02/2023 Libro impreso